Normal view
MARC view
- العصور الوسطى-مؤرخون
Entry Topical Term
001 - CONTROL NUMBER
- control field: 16931
003 - CONTROL NUMBER IDENTIFIER
- control field: JO-AjAnu
005 - DATE AND TIME OF LATEST TRANSACTION
- control field: 20230606073011.0
008 - FIXED-LENGTH DATA ELEMENTS
- fixed length control field: 230606|| aca||aabn | a|a d
040 ## - CATALOGING SOURCE
- Original cataloging agency: JO-AjAnu
- Transcribing agency: JO-AjAnu
150 ## - HEADING--TOPICAL TERM
- Topical term or geographic name entry element: العصور الوسطى-مؤرخون
670 ## - SOURCE DATA FOUND
- Source citation: Work cat.: (JO-AjAnu)8693: سمالي،بيريل؛ ترجمة قاسم، قاسم عبدة, author 16930, المؤرخون في العصور الوسطى